Manažment kvality v železničnej nákladnej preprave

Jedným z predpokladov zvyšovania výkonnosti a konkurencieschopnosti železničných dopravných podnikov je manažment kvality v železničnej nákladnej preprave. Meranie kvality v železničnom dopravnom podniku, vychádzajúc z definícií kvality. Úlohy manažmentu kvality.

Gespeichert in:
Bibliographische Detailangaben
1. Verfasser: Nedeliak, Ivan
Format: Buchkapitel
Sprache:Slowakisch
Schlagworte:
Tags: Tag hinzufügen
Keine Tags, Fügen Sie das erste Tag hinzu!

MARC

LEADER 00000naa$a2200000$$$4500
001 0071997
005 20230825084027.6
041 0 |a slo 
044 |a SK 
245 1 0 |a Manažment kvality v železničnej nákladnej preprave  |c Ivan Nedeliak 
520 |a Jedným z predpokladov zvyšovania výkonnosti a konkurencieschopnosti železničných dopravných podnikov je manažment kvality v železničnej nákladnej preprave. Meranie kvality v železničnom dopravnom podniku, vychádzajúc z definícií kvality. Úlohy manažmentu kvality. 
610 2 0 |a podnik dopravný 
610 2 0 |a doprava železničná nákladná 
610 2 0 |a kvalita 
610 2 0 |a riadenie kvality 
610 2 0 |a model EFQM 
100 1 |a Nedeliak, Ivan